• 首页
  • 本馆介绍
  • 公告通知
  • 最新文献
  • 馆藏检索
  • 电子资源
  • 读者导购
  • 参考咨询
  • 我的图书馆
  • 登录
  • 详细信息显示
  • 放入我的书架
  • 预约/预借图书
  • 作者相关作品
  • 分类相关作品
  • 丛书相关作品
  • 出版社相关作品

书目信息

  • 表格格式
  • 工作单格式
  • 卡片格式
题名:
陈白尘创作历程论
    
 
作者: 董健 著
分册:  
出版信息: 北京   中国戏剧出版社  1985
页数: 406页
开本: 19cm
丛书名:
单 册:
中图分类: J804
科图分类:
主题词: 戏剧--艺术理论
电子资源:
ISBN:
000 00629nam0 2200241 45
001 0185003988
005 20040510083224.6
010    @dCNY2.50
091    @a8069.728
100    @a19901106d1985 kemy0chiy0121 ea
101 0  @achi
102    @aCN@b110000
105    @ay zr 000zd
106    @ar
200 10 @a陈白尘创作历程论@Achen bai chen chuang zuo li cheng lun@f董健著
210    @a北京@c中国戏剧出版社@d1985
215    @a406页@d19cm
606 0  @a戏剧@x艺术理论
690    @aJ804
701  0 @a董健@Adong jian@4著
801  0 @aCN@b深圳图书馆@c20040510
801  2 @aCN@bNLC@c20040510
905    @f2@b260162-163@dJ804@e28
    
    陈白尘创作历程论/董健著.-北京:中国戏剧出版社,1985
    406页;19cm
    
    
    ISBN :CNY2.50
    
●
相关链接 在E读中查询图书 在五车中查询图书 在当当中查询图书 在豆瓣中查询图书


正题名:陈白尘创作历程论     索取号:J804/28         预约/预借

序号 登录号 条形码 馆藏地/架位号 状态 备注
1 0260162   001223713   密集书库/ [索取号:J804/28] 在馆    
2 0260163   001223697   第一借阅区/ [索取号:J804/28] 在馆    
唐山师范学院图书馆 欢迎您!
大连网信软件有限公司© 版权所有